[Event "ROM-ch U10 Boys"]
[Site "Voineasa"]
[Date "2008.04.15"]
[Round "6"]
[White "Cirlig, Bogdan Alexandru"]
[Black "Silcov, Octavian Andrei"]
[Result "1-0"]
[WhiteElo "561"]
[BlackElo "404"]
[PlyCount "45"]
[EventDate "2008.04.08"]
[EventType "swiss"]
[EventRounds "9"]
[EventCountry "ROU"]
[SourceTitle "EXT 2013"]
[Source "ChessBase"]
[SourceDate "2012.11.22"]
[SourceVersion "1"]
[SourceVersionDate "2012.11.22"]
[SourceQuality "1"]

1. e4 e5 2. Bc4 Nf6 3. Nc3 d6 4. d3 Nc6 5. f4 exf4 6. Bxf4 Be7 7. Nf3 h6 8. Qd2 Bg4 9. 0-0 0-0 10. h3 Bxf3 11. Rxf3 g5 12. Bxg5 hxg5 13. Qxg5+ Kh8 14. Qh6+ Nh7 15. Rf5 Bg5 16. Qh5 Ne5 17. Bb3 Bf6 18. Raf1 Kg7 19. Nd5 Nd7 20. R1f4 c6 21. Rg4+ Ng5 22. Nxf6 Qxf6 23. Rxf6 1-0